000 01949nam a2200433 a 4500
999 _c529717
_d529717
001 1673751
003 NUST
005 20191002101914.0
008 981028s1998 dcu b 000 0 eng d
010 _a 98067634
020 _a0309068207 :
_c$24.00
035 _a(OCoLC)40947196
038 _aMSOHAIL
040 _aCU-IT
_cCU-IT
_dDLC
042 _alccopycat
043 _an-us---
050 0 0 _aHE203
_b.M5 1998
082 _a0
100 1 _aMickelson, Robert P.
_922315
245 1 0 _aTransportation development process /
_cRobert P. Mickelson.
246 1 _iAt head of title:
_aNational Cooperative Highway Research Program.
260 _aWashington, D.C. :
_bNational Academy Press,
_cc1998.
300 _a48 p. ;
_c28 cm.
440 0 _aSynthesis of highway practice ;
_v267
_922316
500 _a"Transportation Research Board, National Research Council."
500 _a"Research sponsored by the American Association of State Highway and Transportation Officials in cooperation with the Federal Highway Administration."
504 _aIncludes bibliographical references (p. 40).
650 0 _aTransportation
_zUnited States
_xPlanning.
_921431
650 0 _aTransportation
_zUnited States
_xManagement.
_922317
650 0 _aTransportation
_zUnited States
_xFinance.
_922318
650 0 _aTransportation engineering
_zUnited States.
_922319
710 2 _aNational Cooperative Highway Research Program.
_920864
710 1 _aUnited States.
_bFederal Highway Administration.
_920149
710 2 _aNational Research Council (U.S.).
_bTransportation Research Board.
_922320
710 2 _aAmerican Association of State Highway and Transportation Officials.
_919553
906 _a7
_bcbc
_ccopycat
_d2
_eopcn
_f19
_gy-gencatlg
942 _2ddc
_cBK